00717nam a22002531 4500001001300000003000400013005001700017008004100034010001700075025001900092043002100111050002200132082000800154100002400162245004800186250002800234260003700262300005000299350000900349500004500358651002000403651002300423999001700446sa 68012159 DLC20260227112607.0711115s1968 pk ab 00010 eng  asa 68012159  aPL480:EP-E-478 aa-ii---aa-pk---0 aDS436b.A355 1968 a95410aAli, Kausar,d1924-12aA new history of Indo-Pakistan,cby K. Ali. a[2d ed., rev. and enl.]0 aDacca,bAli Publications,c1968. a1 v. (various pagings)billus., maps.c22 cm. aRs16 aRunning title: History of Indo-Pakistan. 0aIndiaxHistory. 0aPakistanxHistory. c84342d84342